[Event "RSA-chT U20"]
[Site "Boksburg"]
[Date "2018.01.08"]
[Round "7.3"]
[White "Raubenheimer, Lize"]
[Black "Acar, Cameron Gavin"]
[Result "0-1"]
[WhiteElo "1149"]
[BlackElo "1259"]
[PlyCount "114"]
[EventDate "2018.01.04"]
[EventType "team-tourn"]
[EventRounds "7"]
[EventCountry "RSA"]
[SourceTitle "CBM 182 Extra"]
[Source "ChessBase"]
[SourceDate "2018.02.23"]
[SourceVersion "1"]
[SourceVersionDate "2018.02.23"]
[SourceQuality "1"]
[WhiteTeam "Kenneth Kaunda U20"]
[BlackTeam "Nelson Mandela Bay U20"]
[WhiteTeamCountry "RSA"]
[BlackTeamCountry "RSA"]

1. d4 Nf6 2. Nf3 g6 3. e3 Bg7 4. Nbd2 0-0 5. Bd3 d6 6. c3 Nc6 7. Qc2 e5 8. b3 Qe7 9. 0-0 Bd7 10. Bb2 Rae8 11. dxe5 Nxe5 12. Nxe5 dxe5 13. e4 Nh5 14. Be2 Nf4 15. Bf3 Qg5 16. Kh1 Bg4 17. Qd1 Bxf3 18. Qxf3 Rd8 19. Qg3 Qh5 20. Nf3 Ne2 21. Qh4 Qxh4 22. Nxh4 Rd2 23. Rab1 Nf4 24. Nf3 Re2 25. a4 Rxe4 26. Nd2 Re2 27. Nc4 Nd3 28. Kg1 Nxb2 29. Nxb2 e4 30. Rfc1 Rd8 31. Nc4 Kf8 32. Kf1 Ra2 33. Rb2 Rxb2 34. Nxb2 Rd2 35. Nd1 f5 36. g3 Bh6 37. Ne3 Bxe3 38. fxe3 Rxh2 39. Rd1 Rh1+ 40. Ke2 Rxd1 41. Kxd1 Ke7 42. c4 Kd6 43. b4 b6 44. Kd2 a5 45. b5 Kc5 46. Kc3 h5 47. Kb3 g5 48. Kc3 h4 49. gxh4 gxh4 50. Kd2 h3 51. Kc3 h2 52. Kb3 h1Q 53. Kc3 Qc1+ 54. Kb3 Qxc4+ 55. Kb2 Kb4 56. Kb1 Kb3 57. Ka1 Qc1# 0-1

[Event "RSA-ch U18 Girls"]
[Site "Gauteng"]
[Date "2017.04.10"]
[Round "9"]
[White "Nkoana, Kholofelo"]
[Black "Raubenheimer, Lize"]
[Result "1/2-1/2"]
[WhiteElo "1059"]
[BlackElo "1154"]
[PlyCount "45"]
[EventDate "2017.04.05"]
[EventType "swiss"]
[EventRounds "11"]
[EventCountry "RSA"]
[SourceTitle "CBM 177 Extra"]
[Source "ChessBase"]
[SourceDate "2017.04.27"]
[SourceVersion "1"]
[SourceVersionDate "2017.04.27"]
[SourceQuality "1"]

1. e4 c6 2. d4 d5 3. exd5 cxd5 4. Nf3 Nf6 5. Nc3 a6 6. Bd3 Bg4 7. h3 Bh5 8. Be3 Nbd7 9. a3 Bg6 10. Ne5 e6 11. Nxg6 hxg6 12. Qd2 Bd6 13. Be2 Qc7 14. f4 Nh5 15. Bxh5 gxh5 16. h4 Nf6 17. g3 Ng4 18. Qd3 Nxe3 19. Qxe3 0-0-0 20. 0-0-0 b5 21. Rd3 Kb8 22. Na2 Qc4 23. Kb1 1/2-1/2

[Event "RSA-ch U16 Girls"]
[Site "Waterkloof"]
[Date "2015.04.06"]
[Round "4"]
[White "Raubenheimer, Lize"]
[Black "Van de Pypekamp, Marlise"]
[Result "0-1"]
[WhiteElo "1046"]
[BlackElo "1128"]
[PlyCount "116"]
[EventDate "2015.04.04"]
[EventType "swiss"]
[EventRounds "9"]
[EventCountry "RSA"]
[SourceTitle "CBM 166 Extra"]
[Source "ChessBase"]
[SourceDate "2015.06.18"]
[SourceVersion "1"]
[SourceVersionDate "2015.06.18"]
[SourceQuality "1"]

1. d4 Nf6 2. Nf3 e6 3. Bg5 h6 4. Bh4 d5 5. e3 a6 6. Bd3 Nc6 7. c3 Bd7 8. Nbd2 Be7 9. Bg3 0-0 10. e4 dxe4 11. Nxe4 Re8 12. Nxf6+ Bxf6 13. Qc2 Kf8 14. Kf1 Bc8 15. h4 e5 16. Qb3 exd4 17. Ng5 Bxg5 18. hxg5 Qxg5 19. Bxc7 dxc3 20. Bd6+ Kg8 21. Qxc3 Qd5 22. Bf4 Bf5 23. Bc4 Qe4 24. Bxh6 Qd4 25. Bxf7+ Kxf7 26. Qb3+ Kf8 27. Bg5 Qd3+ 28. Qxd3 Bxd3+ 29. Kg1 Kf7 30. Rd1 Bf5 31. g3 Rh8 32. Rxh8 Rxh8 33. b3 Kg6 34. Bh4 Bg4 35. Rd6+ Kf7 36. Kg2 Rh5 37. f3 Be6 38. a4 g5 39. Bxg5 Rxg5 40. f4 Rd5 41. Rxd5 Bxd5+ 42. Kh3 Bxb3 43. a5 Nxa5 44. g4 b5 45. g5 Be6+ 46. Kh4 Kg6 47. Kg3 b4 48. Kh4 b3 49. Kg3 b2 50. Kh4 b1Q 51. Kg3 Qd3+ 52. Kf2 Kf5 53. Kg2 Kxf4 54. g6 Qxg6+ 55. Kf2 Qd3 56. Ke1 Qc2 57. Kf1 Kf3 58. Kg1 Qg2# 0-1

[Event "RSA-ch U16 Girls"]
[Site "Waterkloof"]
[Date "2015.04.04"]
[Round "2"]
[White "Raubenheimer, Lize"]
[Black "Du Plessis, Anika"]
[Result "1-0"]
[WhiteElo "1046"]
[BlackElo "1442"]
[PlyCount "79"]
[EventDate "2015.04.04"]
[EventType "swiss"]
[EventRounds "9"]
[EventCountry "RSA"]
[SourceTitle "CBM 166 Extra"]
[Source "ChessBase"]
[SourceDate "2015.06.18"]
[SourceVersion "1"]
[SourceVersionDate "2015.06.18"]
[SourceQuality "1"]

1. d4 d5 2. Nf3 Nf6 3. Bg5 Ne4 4. Bh4 Nc6 5. e3 Bg4 6. Nbd2 Qd7 7. Bg3 a6 8. c4 e6 9. cxd5 Nxd2 10. dxc6 Nxf3+ 11. gxf3 Bb4+ 12. Ke2 Bxf3+ 13. Kxf3 Qxc6+ 14. e4 f5 15. Bd3 g5 16. Rc1 fxe4+ 17. Bxe4 0-0+ 18. Ke3 Qb5 19. Bxh7+ Kf7 20. Qh5+ Ke7 21. Rxc7+ Kd8 22. Be5 Be7 23. Rxe7 Qxb2 24. Bc7+ Kxe7 25. Qxg5+ Ke8 26. Qg6+ Rf7 27. Qg8+ Ke7 28. Bd6+ Kxd6 29. Qxf7 Qc3+ 30. Bd3 Qc6 31. Qf4+ Kd7 32. Rg1 Re8 33. Rg7+ Kc8 34. Qe4 Qc1+ 35. Ke2 Qb2+ 36. Kf1 e5 37. Bxa6 bxa6 38. Qa8+ Qb8 39. Qc6+ Kd8 40. Qd7# 1-0